000 00886nam a2200265Ia 4500
003 OSt
005 20220923211204.0
006 a|||||r|||| 00| 0
007 ta
008 220922b |||||||| |||| 00| 0 hin d
020 _a81902667110 (hbk)
_c875
024 _a271,013
037 _b79, 21/06/2013, Eastern Book Linkers
_cTextual
040 _aARTS
_cARTS
_bhin
041 _2hin
_ahin
082 _aT:3(P15), 152P9
100 _aशर्मा, प्रभा
_9156290
245 0 _aसंस्कृत शिक्षण
246 _aSanskṛut shikṣhaṇa
260 _aजयपुर
_b आस्था प्रकाशन
_c2009
300 _a351पृ.
_ccm.
650 _aशिक्षण
_9156320
942 _hT:3(P15), 152P9
_cTEXL
_2CC
999 _c296555
_d296555